Leicester City Squad 2021-2022 - Statistics

General Stats
  • This quiz has been taken 371 times
  • The average score is 19 of 29
Answer Stats
# Position Nation Player % Correct
9 FW England Jamie Vardy
98%
1 GK Denmark Kasper Schmeichel
97%
10 MF England James Maddison
92%
4 DF Turkey Çağlar Söyüncü
88%
8 MF Belgium Youri Tielemans
88%
6 DF Northern Ireland Jonny Evans
84%
25 MF Nigeria Wilfred Ndidi
83%
14 FW Nigeria Kelechi Iheanacho
81%
7 MF England Harvey Barnes
80%
17 FW Spain Ayoze Pérez
77%
29 FW Zambia Patson Daka
77%
- Coach Northern Ireland Brendan Rodgers
76%
12 GK Wales Danny Ward
75%
18 DF Ghana Daniel Amartey
73%
21 DF Portugal Ricardo Pereira
73%
3 DF France Wesley Fofana
73%
2 DF England James Justin
66%
23 DF Denmark Jannik Vestergaard
66%
11 MF England Marc Albrighton
66%
27 DF Belgium Timothy Castagne
65%
24 MF Senegal Nampalys Mendy
57%
33 DF England Luke Thomas
51%
22 MF England Kiernan Dewsbury-Hall
46%
42 MF France Boubakary Soumaré
45%
20 MF Bangladesh Hamza Choudhury
34%
5 DF England Ryan Bertrand
34%
19 FW England Ademola Lookman
33%
35 GK Switzerland Eldin Jakupović
31%
16 DF Croatia Filip Benković
29%
No matching quizzes found
Score Distribution
Percent of People with Each Score
Percentile by Number Answered
Your Score History
You have not taken this quiz